MARC details
| 000 -CABECERA |
| campo de control de longitud fija |
02158nam a2200301 a 4500 |
| 001 - NÚMERO DE CONTROL |
| campo de control |
000014983 |
| 003 - IDENTIFICADOR DEL NÚMERO DE CONTROL |
| campo de control |
DO-SdBNP |
| 005 - FECHA Y HORA DE LA ÚLTIMA TRANSACCIÓN |
| campo de control |
20250307073709.0 |
| 008 - DATOS DE LONGITUD FIJA--INFORMACIÓN GENERAL |
| campo de control de longitud fija |
100128s2006 dr c 001 0 spa d |
| 020 ## - NÚMERO INTERNACIONAL ESTÁNDAR DEL LIBRO |
| Número Internacional Estándar del Libro |
9945160214 |
| 040 ## - FUENTE DE LA CATALOGACIÓN |
| Centro catalogador/agencia de origen |
DO-SdBNP |
| Lengua de catalogación |
spa |
| Centro/agencia transcriptor |
BNPHU |
| 082 ## - NÚMERO DE LA CLASIFICACIÓN DECIMAL DEWEY |
| Número de clasificación |
RD868.44 |
| Número de documento/Ítem |
P372h, 2006 |
| 245 00 - MENCIÓN DE TÍTULO |
| Título |
Pedro Henríquez Ureña y la Argentina / |
| Mención de responsabilidad, etc. |
compilación Pedro Luis Barcia ; editor Gerardo Castillo Javier ; presentación Alejandro Arvelo. |
| 260 ## - PUBLICACIÓN, DISTRIBUCIÓN, ETC. |
| Lugar de publicación, distribución, etc. |
Santo Domingo : |
| Nombre del editor, distribuidor, etc. |
Dirección General de la Feria del Libro, |
| Fecha de publicación, distribución, etc. |
2006. |
| 300 ## - DESCRIPCIÓN FÍSICA |
| Extensión |
306 p. : |
| Otras características físicas |
IL., retrs. ; |
| Dimensiones |
23 cm. |
| 500 ## - NOTA GENERAL |
| Nota general |
Incluye datos biográficos del autor en la solapa de la cubierta |
| 500 ## - NOTA GENERAL |
| Nota general |
Incluye referencias bibliográficas y notas al pie de las páginas. |
| 505 2# - NOTA DE CONTENIDO CON FORMATO |
| Nota de contenido con formato |
Presentación / Alejandro Arvelo -- Capítulo 1. La Argentina a la distancia -- Capítulo 2. La amistad con argentinos -- Capítulo 3. Pedro Henríquez Ureña con la delegación mexicana en la Argentina (1992) -- Capítulo 4. Regreso a México vísperas argentinas (1922-1924) -- Capítulo 5. Arribo a la Argentina el Colegio Nacional de la Universidad -- Capítulo 6. Actividades y ocios platenses -- Capítulo 7. Pedro Henríquez Ureña y "valoraciones" -- Capítulo 8. Pedro Henríquez Ureña y la Universidad Nacional de la Plata -- Capítulo 9. Pedro Henríquez Ureña, profesor en Buenos Aires -- Capítulo 10. Pedro Henríquez Ureña en el colegio -- Capítulo 11. Pedro Henríquez Ureña y Sur -- Capítulo 12. Partidas y retornos. Trajinando vivir y callada saeta -- Capítulo 13. Literatura y realidad argentinas en la estimativa de Pedro Henríquez Ureña. |
| 600 10 - PUNTO DE ACCESO ADICIONAL DE MATERIA--NOMBRE DE PERSONA |
| Nombre de persona |
Henríquez Ureña, Pedro, |
| Fechas asociadas al nombre |
1884-1946 |
| Subdivisión general |
CORRESPONDENCIAS, MEMORIAS, ETC |
| 9 (RLIN) |
1718 |
| 600 10 - PUNTO DE ACCESO ADICIONAL DE MATERIA--NOMBRE DE PERSONA |
| Nombre de persona |
Henríquez Ureña, Pedro, |
| Fechas asociadas al nombre |
1884-1946 |
| 9 (RLIN) |
1718 |
| 650 #4 - PUNTO DE ACCESO ADICIONAL DE MATERIA--TÉRMINO DE MATERIA |
| Término de materia o nombre geográfico como elemento de entrada |
Autores dominicanos |
| Subdivisión general |
Correpondencia, memorias, etc. |
| 9 (RLIN) |
33924 |
| 651 #4 - PUNTO DE ACCESO ADICIONAL DE MATERIA--NOMBRE GEOGRÁFICO |
| Nombre geográfico |
República De Argentina |
| Subdivisión general |
Vida Intelectual |
| Subdivisión cronológica |
SIGLO XX |
| 9 (RLIN) |
33923 |
| 700 1# - PUNTO DE ACCESO ADICIONAL--NOMBRE DE PERSONA |
| Nombre de persona |
Barcia, Pedro Luis, |
| Término indicativo de función/relación |
comp. |
| 9 (RLIN) |
33925 |
| 700 1# - PUNTO DE ACCESO ADICIONAL--NOMBRE DE PERSONA |
| Nombre de persona |
Castillo Javier, Gerardo, |
| Fechas asociadas al nombre |
1963- |
| Término indicativo de función/relación |
ed. |
| 9 (RLIN) |
1677 |
| 700 1# - PUNTO DE ACCESO ADICIONAL--NOMBRE DE PERSONA |
| Nombre de persona |
Arvelo, Alejandro |
| 9 (RLIN) |
147 |
| 910 ## - DATOS DE OPCIÓN DEL USUARIO (OCLC) |
| Datos de opción del usuario |
Validado. Control de calidad de la MMOLINA |
| 942 ## - ELEMENTOS DE PUNTO DE ACCESO ADICIONAL (KOHA) |
| Fuente del sistema de clasificación o colocación |
Dewey Decimal Classification |
| Tipo de ítem Koha |
Libro |